Natural resource management / (Record no. 53366)

MARC details
000 -LEADER
fixed length control field 00651nam a2200229Ia 4500
005 - DATE AND TIME OF LATEST TRANSACTION
control field 20260429112309.0
008 - FIXED-LENGTH DATA ELEMENTS--GENERAL INFORMATION
fixed length control field 260429s9999||||xx |||||||||||||| ||und||
020 ## - INTERNATIONAL STANDARD BOOK NUMBER
International Standard Book Number 9789388865692
041 ## - LANGUAGE CODE
Language English
082 ## - DEWEY DECIMAL CLASSIFICATION NUMBER
Classification number 333.7
Item number PAT
100 ## - MAIN ENTRY--PERSONAL NAME
Personal name Pati, Rabindra Nathabindra
245 #0 - TITLE STATEMENT
Title Natural resource management /
Statement of responsibility, etc Rabindra Nathabindra Pati
260 ## - PUBLICATION, DISTRIBUTION, ETC. (IMPRINT)
Place of publication, distribution, etc New Delhi :
Name of publisher, distributor, etc Abhijeet Publications,
Date of publication, distribution, etc 2024.
300 ## - PHYSICAL DESCRIPTION
Extent 286 p.; hb
650 ## - SUBJECT ADDED ENTRY--TOPICAL TERM
Topical term or geographic name as entry element Conservation
650 ## - SUBJECT ADDED ENTRY--TOPICAL TERM
Topical term or geographic name as entry element Environmental management
650 ## - SUBJECT ADDED ENTRY--TOPICAL TERM
Topical term or geographic name as entry element Resource management
650 ## - SUBJECT ADDED ENTRY--TOPICAL TERM
Topical term or geographic name as entry element Sustainability
650 ## - SUBJECT ADDED ENTRY--TOPICAL TERM
Topical term or geographic name as entry element Natural resources
700 ## - ADDED ENTRY--PERSONAL NAME
Personal name Mitra, Mitashree
942 ## - ADDED ENTRY ELEMENTS (KOHA)
Koha item type Text Books
Holdings
Withdrawn status Lost status Damaged status Not for loan Collection code Home library Location Shelving location Date of Cataloging Source of acquisition Total Checkouts Full call number Barcode Date last seen Price effective from Koha item type
        Non-fiction CUTN Central Library CUTN Central Library Social Sciences 29/04/2026 Kiran Book Centre, Bengaluru - Invoice No. 301/25-26 on 11-02-2026   333.7 PAT 56193 29/04/2026 29/04/2026 Text Books
        Non-fiction CUTN Central Library CUTN Central Library Social Sciences 29/04/2026 Kiran Book Centre, Bengaluru - Invoice No. 301/25-26 on 11-02-2026   333.7 PAT 56194 29/04/2026 29/04/2026 Text Books